Thủ công, tập 1.2 A: Cầu vồng (Dành cho Hs tiểu học)

Na minha lista:
Detalhes bibliográficos
Formato: Livro
Tags: Adicionar Tag
Sem tags, seja o primeiro a adicionar uma tag!
Thư viện lưu trữ: Mạng thư viện Đại học Đà Nẵng
LEADER 00442nam a22001691a 4500
001 000039976
003 16271
005 20160412022711.0
008 160412s0 000
082 |a 4N(TK)1000-03 
245 |a Thủ công, tập 1.2 A: Cầu vồng (Dành cho Hs tiểu học) 
OWN |a LNN 
999 |a From the UDN01 
TYP |a Monograph 
980 |a Mạng thư viện Đại học Đà Nẵng